000 00665nam a22002537a 4500
008 130723b xxu||||| |||| 00| 0 eng d
020 _a81 224 1503 2
024 _cAvailable
037 _cAvailable
040 _aMBSTU Library
_dMBSTU Library
082 _222
_a547.7 GUP
100 _aGupta. M.C.
245 _aPolymer Composite
250 _a1st
260 _aNew Delhi
_bNew age international (p) Ltd.
_c2005
300 _a24 cm
_b152 Page
_f5
_g24 cm
600 _2Polymers
650 _2Polymers
700 _aGupta. M.C.
270 _aNew Delhi
_bNew Delhi
_dIndia
365 _b331
_d331
942 _2ddc
_cBK
999 _c602
_d602